<?xml version="1.0" encoding="UTF-8"?>
<record
    xmlns:xsi="http://www.w3.org/2001/XMLSchema-instance"
    xsi:schemaLocation="http://www.loc.gov/MARC21/slim http://www.loc.gov/standards/marcxml/schema/MARC21slim.xsd"
    xmlns="http://www.loc.gov/MARC21/slim">

  <leader>01081njm a22002777a 4500</leader>
  <controlfield tag="005">20100907140713.0</controlfield>
  <controlfield tag="007">sd ammalaaahaa</controlfield>
  <controlfield tag="008">100907t        xxu||||| |||| 00| 0 eng d</controlfield>
  <datafield tag="028" ind1=" " ind2=" ">
    <subfield code="a">N. 26305</subfield>
    <subfield code="b">His Master's Voice</subfield>
  </datafield>
  <datafield tag="035" ind1=" " ind2=" ">
    <subfield code="a">GR-01160</subfield>
  </datafield>
  <datafield tag="040" ind1=" " ind2=" ">
    <subfield code="a">SED/VEN</subfield>
  </datafield>
  <datafield tag="100" ind1=" " ind2=" ">
    <subfield code="a">Valmiki</subfield>
    <subfield code="9">18700</subfield>
  </datafield>
  <datafield tag="245" ind1=" " ind2=" ">
    <subfield code="a">Ramrajya part-1 /</subfield>
    <subfield code="c">by Valmiki ; music by Shankar rao vyas</subfield>
  </datafield>
  <datafield tag="246" ind1=" " ind2=" ">
    <subfield code="a">&#x930;&#x93E;&#x92E;&#x930;&#x93E;&#x91C;&#x94D;&#x92F; (&#x935;&#x93E;&#x932;&#x94D;&#x92E;&#x940;&#x915;&#x93F;)</subfield>
  </datafield>
  <datafield tag="260" ind1=" " ind2=" ">
    <subfield code="a">Dam Dam, India</subfield>
    <subfield code="b">His Mater's Voice</subfield>
  </datafield>
  <datafield tag="300" ind1=" " ind2=" ">
    <subfield code="a">1 Sound Disc [Gramophone Record] :</subfield>
    <subfield code="b">analog.33 1/33 rpm</subfield>
    <subfield code="c">10 in (LP)</subfield>
    <subfield code="f">Gramophone Record</subfield>
  </datafield>
  <datafield tag="500" ind1=" " ind2=" ">
    <subfield code="a">Brief Record</subfield>
  </datafield>
  <datafield tag="505" ind1=" " ind2=" ">
    <subfield code="a">Tyagmayi tu gayi,Bina madhur madhur (&#x924;&#x94D;&#x92F;&#x93E;&#x917;&#x92E;&#x908; &#x924;&#x942; &#x917;&#x92F;&#x940;) (&#x92C;&#x93F;&#x928;&#x93E; &#x92E;&#x927;&#x941;&#x930; &#x92E;&#x927;&#x941;&#x930;) &#x92A;&#x93E;&#x930;&#x94D;&#x91F;-2 </subfield>
  </datafield>
  <datafield tag="650" ind1=" " ind2=" ">
    <subfield code="a">Classical Music</subfield>
    <subfield code="x">Excerpts</subfield>
    <subfield code="z">India</subfield>
    <subfield code="9">18707</subfield>
  </datafield>
  <datafield tag="700" ind1=" " ind2=" ">
    <subfield code="9">18701</subfield>
    <subfield code="a">Vyas, Shankarrao</subfield>
  </datafield>
  <datafield tag="700" ind1=" " ind2=" ">
    <subfield code="a">Late JogarMoradabadi</subfield>
    <subfield code="9">18745</subfield>
  </datafield>
  <datafield tag="700" ind1=" " ind2=" ">
    <subfield code="a">Kokate, Sahebrao</subfield>
    <subfield code="9">18729</subfield>
  </datafield>
  <datafield tag="700" ind1=" " ind2=" ">
    <subfield code="9">18702</subfield>
  </datafield>
  <datafield tag="942" ind1=" " ind2=" ">
    <subfield code="2">ddc</subfield>
    <subfield code="c">GR</subfield>
  </datafield>
  <datafield tag="999" ind1=" " ind2=" ">
    <subfield code="c">44252</subfield>
    <subfield code="d">44252</subfield>
  </datafield>
  <datafield tag="952" ind1=" " ind2=" ">
    <subfield code="0">0</subfield>
    <subfield code="1">0</subfield>
    <subfield code="2">ddc</subfield>
    <subfield code="4">0</subfield>
    <subfield code="7">1</subfield>
    <subfield code="8">NFIC</subfield>
    <subfield code="a">L</subfield>
    <subfield code="b">L</subfield>
    <subfield code="d">2010-09-07</subfield>
    <subfield code="e">SED/VEN</subfield>
    <subfield code="l">0</subfield>
    <subfield code="p">GR-01160</subfield>
    <subfield code="r">2010-09-07 00:00:00</subfield>
    <subfield code="t">1</subfield>
    <subfield code="w">2010-09-07</subfield>
    <subfield code="y">GR</subfield>
  </datafield>
</record>
